000 00302nam a22001217a 4500
008 180109b xxu||||| |||| 00| 0 eng d
041 _aeng
080 _a51
100 _a36
101 _amat
245 _awilwey series in probality and mathematical statistics
_cpollock.d.s.g
942 _2udc
_cBK
999 _c39874
_d39874